000 00449nam a2200145Ia 4500
003 OSt
005 20260130144056.0
008 211028s2018 xx 000 0 und d
040 _cAIMIT LIBRARY
041 _aeng
100 _aAugustine, Sneha; D Souza, Rayan.
_g1616194
_97946
245 _aProject report on effect of demonetization on banks and bank customers UCO bank Kolkata /
260 _aMangalore
_bRayan D Souza.
_c2018
942 _2ddc
_cPRO
999 _c219514
_d219514